Eastern Utah Libraries Catalog: Duchesne, Heber, Roosevelt, & Vernal

Sesame Street, preschool is cool: ABCs with Elmo (Record no. 70256)

MARC details
000 -LEADER
fixed length control field 01961cgm a2200421Ia 4500
001 - CONTROL NUMBER
control field ocn639983670
003 - CONTROL NUMBER IDENTIFIER
control field OCoLC
005 - DATE AND TIME OF LATEST TRANSACTION
control field 20241220125314.0
007 - PHYSICAL DESCRIPTION FIXED FIELD--GENERAL INFORMATION
fixed length control field vd cvaizq
008 - FIXED-LENGTH DATA ELEMENTS--GENERAL INFORMATION
fixed length control field 100610s2010 cau050 vleng d
024 1# - OTHER STANDARD IDENTIFIER
Standard number or code 891264001939
028 42 - PUBLISHER NUMBER
Publisher number 1000155129
Source Warner Home Video
028 42 - PUBLISHER NUMBER
Publisher number SS00193
Source Warner Home Videos
035 ## - SYSTEM CONTROL NUMBER
System control number (OCoLC)639983670
037 ## - SOURCE OF ACQUISITION
Source of stock number/acquisition Midwest Tape
Note http://www.midwesttapes.com
040 ## - CATALOGING SOURCE
Original cataloging agency TEFMT
Transcribing agency TEFMT
Modifying agency TEF
-- UINTA
Description conventions
049 ## - LOCAL HOLDINGS (OCLC)
Holding library UCLB
050 #4 - LIBRARY OF CONGRESS CALL NUMBER
Classification number PE1155
Item number .A264 2004
082 04 - DEWEY DECIMAL CLASSIFICATION NUMBER
Classification number 421.1
Edition number 22
092 ## - LOCALLY ASSIGNED DEWEY CALL NUMBER (OCLC)
Classification number 791.457
245 00 - TITLE STATEMENT
Title Sesame Street, preschool is cool: ABCs with Elmo
246 30 - VARYING FORM OF TITLE
Title proper/short title ABCs with Elmo
260 ## - PUBLICATION, DISTRIBUTION, ETC. (IMPRINT)
Place of publication, distribution, etc Burbank, CA :
Name of publisher, distributor, etc Distributed by Warner Home Video,
Date of publication, distribution, etc 2010.
264 ## - Production, Publication, Distribution, Manufacture, and Copyright Notice.
Place of production, publication, distribution, manufacture Burbank, CA :
Name of producer, publisher, distributor, manufacturer Distributed by Warner Home Video,
Date of production, publication, distribution, manufacture, or copyr 2010
300 ## - PHYSICAL DESCRIPTION
Extent 1 videodisc (50 min.) :
Other physical details sd., col. ;
Dimensions 4 3/4 in.
500 ## - GENERAL NOTE
General note Title from container.
500 ## - GENERAL NOTE
General note Release date: Jul. 6, 2010.
500 ## - GENERAL NOTE
General note Special feature: bonus classic clip: African alphabet song.
520 ## - SUMMARY, ETC.
Summary, etc Professor Grover is the teacher in preschool and Elmo is his helper for today's alphabet lesson. But before Professor Grover can start, he wants to find one thing that starts with each letter, in his own silly and lovable way. Will he succeed? Will Elmo and the class ever be able to sing the alphabet song? Featuring alphabet-themed stories and songs, kids will find it easy as ABC to join the fun with furry friends Grover and Elmo in a real preschool. After all, preschool is cool.
538 ## - SYSTEM DETAILS NOTE
System details note DVD, standard version, region 1, NTSC, Dolby Digital.
546 ## - LANGUAGE NOTE
Language note Subtitled for the deaf and hard of hearing.
650 #0 - SUBJECT ADDED ENTRY--TOPICAL TERM
Topical term or geographic name as entry element English language
General subdivision Alphabet.
9 (RLIN) 83360
655 #0 - INDEX TERM--GENRE/FORM
Genre/form data or focus term Children's television programs.
9 (RLIN) 6209460
655 #0 - INDEX TERM--GENRE/FORM
Genre/form data or focus term Educational television programs.
9 (RLIN) 5682278
655 #0 - INDEX TERM--GENRE/FORM
Genre/form data or focus term Video recordings for the hearing impaired.
9 (RLIN) 6209461
710 2# - ADDED ENTRY--CORPORATE NAME
Corporate name or jurisdiction name as entry element Warner Home Video (Firm)
9 (RLIN) 61103
942 ## - ADDED ENTRY ELEMENTS (KOHA)
Koha item type DVD
Source of classification or shelving scheme Dewey Decimal Classification
Holdings
Withdrawn status Lost status Source of classification or shelving scheme Materials specified (bound volume or other part) Damaged status Not for loan Collection code Home library Current library Shelving location Date acquired Cost, normal purchase price Total Checkouts Total Renewals Full call number Barcode Date last seen Date checked out Cost, replacement price Price effective from Koha item type
    Dewey Decimal Classification .CIRCNOTE. 07/27/2017     Children Movies Wasatch County Library Wasatch County Library Audio Visual Area 09/28/2010 14.95 111 17 E DVD Ses 34301001613225 02/22/2025 02/13/2025 14.95 03/20/2020 DVD
This project was made possible through a grant from the Institute of Museum and Library Service administered by the Utah State Library Division.

Wasatch County Library

  • 465 East 1200 South, Heber City, Utah 84032
  • Phone 435-654-1511 | Fax 435-654-6456

Hours

  • Monday - Friday 9:30 AM - 8:00 PM
  • Saturday 9:30 AM - 1:30 PM
  • Closed Sundays and Holidays